[Event "OLNN 2324 SK Johanneum Eppendorf - Preet"]
[Site "Hamburg"]
[Date "2024.01.14"]
[Round "4.1"]
[White "Fries-Nielsen, Jens Ove"]
[Black "Wegner, Hannu"]
[Result "0-1"]
[WhiteElo "2375"]
[BlackElo "2358"]
[PlyCount "64"]
[EventDate "2024.??.??"]

1. d4 d5 2. Nc3 Nf6 3. a3 e6 4. Bg5 Be7 5. e3 c5 6. f4 Nc6 7. Nf3 a6 8. Qd2 b5 9. dxc5 Bxc5 10. b4 Be7 11. Bd3 O-O 12. O-O a5 13. Nxb5 axb4 14. a4 Bd7 15. Nfd4 Qb6 16. Kh1 h6 17. Bh4 Ne4 18. Bxe4 Bxh4 19. Bd3 Bf6 20. Rfb1 Nxd4 21. Nxd4 Rfb8 22. c3 Bxd4 23. exd4 b3 24. c4 Bxa4 25. h3 Qb4 26. Qe2 dxc4 27. Bxc4 Rc8 28. Bd3 Bc6 29. Rxa8 Rxa8 30. Kh2 Bd5 31. Qf2 g6 32. f5 Ra2 0-1

[Event "OLNN 2324 SK Johanneum Eppendorf - Preet"]
[Site "Hamburg"]
[Date "2024.01.14"]
[Round "4.2"]
[White "von Gleich, Alexander"]
[Black "Vinter-Schou, Uffe"]
[Result "0-1"]
[WhiteElo "2215"]
[BlackElo "2348"]
[PlyCount "60"]
[EventDate "2024.??.??"]

1. Nf3 c5 2. c4 Nc6 3. Nc3 g6 4. g3 Bg7 5. Bg2 d6 6. O-O Bf5 7. a3 Qd7 8. b4 cxb4 9. axb4 Nxb4 10. Qb3 Nc6 11. Bb2 Nf6 12. h3 h5 13. e4 Bxh3 14. Bxh3 Qxh3 15. Qxb7 Rc8 16. Ne2 O-O 17. Nf4 Qg4 18. Bxf6 Bxf6 19. Nh2 Qg5 20. Nf3 Qc5 21. Rac1 Rb8 22. Qd7 Rb3 23. d3 Rd8 24. Qc7 e6 25. Nd5 Bb2 26. Ne7+ Nxe7 27. Qxd8+ Kg7 28. Qxe7 Rxd3 29. Kg2 Bxc1 30. Rxc1 Rxf3 0-1

[Event "OLNN 2324 SK Johanneum Eppendorf - Preet"]
[Site "Hamburg"]
[Date "2024.01.14"]
[Round "4.3"]
[White "Moeller, Dustin"]
[Black "Keyser, Robin"]
[Result "1/2-1/2"]
[WhiteElo "2200"]
[BlackElo "2135"]
[PlyCount "127"]
[EventDate "2024.??.??"]

1. d4 Nf6 2. c4 e6 3. Nc3 Bb4 4. Qc2 d5 5. cxd5 Qxd5 6. e3 c5 7. Bd2 Bxc3 8. Bxc3 O-O 9. Nf3 Nc6 10. dxc5 Qxc5 11. Rc1 e5 12. Bxe5 Qxc2 13. Rxc2 Bf5 14. Rxc6 bxc6 15. Nd4 Bd7 16. Bd3 Rfe8 17. Bd6 Ne4 18. Ba3 Rad8 19. f3 Nf6 20. Kf2 Nd5 21. Re1 a5 22. Bc5 Rb8 23. Re2 Nb4 24. Bb1 Na6 25. Bd6 Rbd8 26. Rd2 c5 27. Nb3 a4 28. Nxc5 Nxc5 29. Bxc5 Be6 30. Rxd8 Rxd8 31. Bd4 Rc8 32. a3 Rc1 33. Bd3 Bc4 34. Bxc4 Rxc4 35. Bc3 g6 36. Ke2 Kf8 37. Kd3 Rh4 38. Be5 Ke7 39. Kc3 Rh5 40. Bf4 Rb5 41. e4 Rb3+ 42. Kc2 Ke6 43. Bd2 f5 44. exf5+ Kxf5 45. Bc3 h5 46. Kd1 Rb7 47. Ke2 Rd7 48. g3 Rd5 49. h3 Rd7 50. Bd2 Ke5 51. Bc3+ Kd5 52. g4 Rf7 53. Ke3 hxg4 54. hxg4 Ke6 55. f4 Kd7 56. f5 gxf5 57. g5 Ke6 58. g6 Rc7 59. g7 Kf7 60. Kf4 Rc5 61. Be5 Rc1 62. Kxf5 Re1 63. Bd4 Re2 64. Bc3 1/2-1/2

[Event "OLNN 2324 SK Johanneum Eppendorf - Preet"]
[Site "Hamburg"]
[Date "2024.01.14"]
[Round "4.4"]
[White "Zart, Ruediger"]
[Black "Schwarz, Frank"]
[Result "1/2-1/2"]
[WhiteElo "2155"]
[BlackElo "2215"]
[PlyCount "37"]
[EventDate "2024.??.??"]

1. e4 c5 2. Nf3 e6 3. d4 cxd4 4. Nxd4 Nc6 5. Nc3 Qc7 6. g3 a6 7. Bg2 Nf6 8. O-O Nxd4 9. Qxd4 Bc5 10. Bf4 d6 11. Qd2 h6 12. Rad1 e5 13. Be3 Bb4 14. Nb5 axb5 15. Qxb4 Rxa2 16. Qxb5+ Bd7 17. Qb4 Ra6 18. Ra1 O-O 19. Rxa6 1/2-1/2

[Event "OLNN 2324 SK Johanneum Eppendorf - Preet"]
[Site "Hamburg"]
[Date "2024.01.14"]
[Round "4.5"]
[White "Reinecker, Kai"]
[Black "Schroeder, Christoph"]
[Result "1/2-1/2"]
[WhiteElo "2218"]
[BlackElo "2178"]
[PlyCount "53"]
[EventDate "2024.??.??"]

1. e4 e6 2. d4 d5 3. Nd2 dxe4 4. Nxe4 Nd7 5. Nf3 Ngf6 6. Nxf6+ Nxf6 7. Bd3 c5 8. O-O cxd4 9. Nxd4 Bc5 10. Nb3 Bd6 11. Bg5 O-O 12. Qf3 h6 13. Bh4 Be7 14. Rfd1 Qb6 15. Nd2 Re8 16. Nc4 Qc5 17. Bg3 Bd7 18. Ne5 Bc6 19. Nxc6 Qxc6 20. Qxc6 bxc6 21. c4 Bc5 22. Bc2 e5 23. Kf1 Bd4 24. Ba4 Re6 25. Rab1 Ne4 26. f3 Nxg3+ 27. hxg3 1/2-1/2

[Event "OLNN 2324 SK Johanneum Eppendorf - Preet"]
[Site "Hamburg"]
[Date "2024.01.14"]
[Round "4.6"]
[White "Behrhorst, Frank"]
[Black "Willsch, Matthias"]
[Result "1/2-1/2"]
[WhiteElo "2207"]
[BlackElo "2117"]
[PlyCount "53"]
[EventDate "2024.??.??"]

1. d4 d5 2. c4 e6 3. Nc3 a6 4. cxd5 exd5 5. Nf3 h6 6. Bf4 Nf6 7. Qc2 Bd6 8. Bxd6 Qxd6 9. e3 Nc6 10. Be2 O-O 11. h3 Re8 12. O-O Ne7 13. Bd3 g6 14. Na4 Bf5 15. Rfc1 c6 16. Nc5 Rab8 17. b4 Bxd3 18. Nxd3 Nf5 19. a4 Qe7 20. Rab1 Nd6 21. Nfe5 Nfe4 22. Nc5 Ra8 23. Nxe4 Nxe4 24. Nd3 Nd6 25. Ne5 Kg7 26. Re1 Qe6 27. Rec1 1/2-1/2

[Event "OLNN 2324 SK Johanneum Eppendorf - Preet"]
[Site "Hamburg"]
[Date "2024.01.14"]
[Round "4.7"]
[White "Schwarzat, Julian"]
[Black "Wirthgen, Peter"]
[Result "1-0"]
[WhiteElo "2127"]
[BlackElo "2123"]
[PlyCount "107"]
[EventDate "2024.??.??"]

1. e4 c6 2. d4 d5 3. exd5 cxd5 4. Bd3 Nc6 5. c3 Qc7 6. Ne2 Bg4 7. f3 Bd7 8. f4 Nh6 9. Nd2 Bf5 10. Nf3 Bxd3 11. Qxd3 e6 12. O-O Bd6 13. Bd2 a6 14. Rae1 O-O 15. Ng5 Nf5 16. g4 h6 17. gxf5 hxg5 18. fxg5 exf5 19. Qxf5 Ne7 20. Qg4 Bxh2+ 21. Kg2 Ng6 22. Rh1 Bd6 23. Qh5 Rfe8 24. Nf4 Rxe1 25. Qh7+ Kf8 26. Nxg6+ fxg6 27. Rxe1 Qc8 28. Qh8+ Kf7 29. Rf1+ Ke7 30. Qxg7+ Kd8 31. Qg8+ Kc7 32. Rf7+ Kc6 33. Qxc8+ Rxc8 34. Rf6 Kd7 35. Rxg6 Re8 36. Kf3 Rf8+ 37. Rf6 Rxf6+ 38. gxf6 Ke6 39. Bf4 Bf8 40. Be5 Bh6 41. b3 b5 42. Ke2 Bf8 43. Kd3 Bh6 44. c4 dxc4+ 45. bxc4 bxc4+ 46. Kxc4 Bf8 47. Kb3 Bh6 48. Kb4 Bd2+ 49. Kc5 a5 50. a4 Bb4+ 51. Kc6 Bc3 52. Kc7 Bd2 53. Kd8 Bg5 54. Ke8 1-0

[Event "OLNN 2324 SK Johanneum Eppendorf - Preet"]
[Site "Hamburg"]
[Date "2024.01.14"]
[Round "4.8"]
[White "Ahmels, Volker"]
[Black "Guindy, Esmat Susanne"]
[Result "1/2-1/2"]
[WhiteElo "2166"]
[BlackElo "2042"]
[PlyCount "33"]
[EventDate "2024.??.??"]

1. e4 e6 2. d4 d5 3. Nc3 Nf6 4. Bg5 dxe4 5. Nxe4 Be7 6. Nxf6+ Bxf6 7. Bxf6 Qxf6 8. c3 Nd7 9. Nf3 O-O 10. Be2 c5 11. O-O Rd8 12. dxc5 Nxc5 13. Qc2 Bd7 14. Rad1 Bc6 15. Rxd8+ Rxd8 16. Rd1 h6 17. Rd4 1/2-1/2

[Event "OLNN 2324 Schachfreunde HH - FC St. Paul"]
[Site "?"]
[Date "2024.01.14"]
[Round "4.1"]
[White "Voigt, Martin"]
[Black "Nedic, Dusan"]
[Result "*"]
[WhiteElo "2316"]
[BlackElo "2326"]
[PlyCount "167"]
[EventDate "2024.??.??"]

1. e4 e6 2. d4 d5 3. Nc3 Bb4 4. Nge2 dxe4 5. a3 Be7 6. Nxe4 Nf6 7. Nxf6+ Bxf6 8. Be3 c5 9. Qd3 Qa5+ 10. c3 cxd4 11. Nxd4 O-O 12. Be2 Nc6 13. Nxc6 bxc6 14. O-O Rd8 15. Qc2 c5 16. b4 cxb4 17. cxb4 Qe5 18. Bf3 Ba6 19. Bxa8 Bxf1 20. Rxf1 Rxa8 21. Bxa7 h5 22. Qc5 h4 23. b5 Qe4 24. h3 Qb7 25. b6 Rc8 26. Qb5 Bd4 27. Qh5 Bxb6 28. Bxb6 Qxb6 29. Qxh4 Qb3 30. Qb4 Qa2 31. Rd1 Qe2 32. Qe1 Qc2 33. Ra1 Rc4 34. Qd1 Qc3 35. a4 Rd4 36. Qb1 Rb4 37. Qf1 Qd4 38. a5 Rb2 39. Rd1 Qc5 40. a6 e5 41. Rd8+ Kh7 42. Qd3+ g6 43. Qg3 Qe7 44. Rd5 Ra2 45. Rxe5 Qf6 46. Re4 Rxa6 47. Rf4 Qa1+ 48. Kh2 Kg7 49. Qf3 Ra7 50. g3 Re7 51. h4 Qe5 52. Kg2 Rc7 53. Re4 Qc3 54. Re3 Qf6 55. Qd5 Qc6 56. Qxc6 Rxc6 57. Re5 Rc3 58. Ra5 Rb3 59. h5 Rb2 60. hxg6 Kxg6 61. g4 Rb3 62. f3 Rc3 63. Kg3 Rb3 64. Re5 Ra3 65. Kf4 Rb3 66. Re4 Ra3 67. Rd4 Rb3 68. Rd6+ f6 69. Re6 Rb4+ 70. Re4 Rb3 71. Kg3 Ra3 72. Kf4 Rb3 73. Re6 Rb4+ 74. Kg3 Rb3 75. Re8 Ra3 76. Rg8+ Kf7 77. Rd8 Kg6 78. Kf4 Ra4+ 79. Ke3 Ra3+ 80. Ke4 Ra4+ 81. Rd4 Rxd4+ 82. Kxd4 f5 83. gxf5+ Kxf5 84. f4 *

[Event "OLNN 2324 Schachfreunde HH - FC St. Paul"]
[Site "?"]
[Date "2024.01.14"]
[Round "4.2"]
[White "Hourigan, Gerrit"]
[Black "Jahncke, Giso"]
[Result "1-0"]
[WhiteElo "2272"]
[BlackElo "2245"]
[PlyCount "73"]
[EventDate "2024.??.??"]

1. d4 e6 2. c4 b6 3. Nf3 Bb7 4. g3 Bb4+ 5. Bd2 Bxf3 6. exf3 Bxd2+ 7. Qxd2 d5 8. Nc3 Ne7 9. cxd5 exd5 10. Bh3 O-O 11. O-O Nbc6 12. Rac1 a6 13. Ne2 Qd6 14. Rc3 Rfd8 15. Rfc1 Qf6 16. Kg2 Rd6 17. b4 h5 18. a4 g5 19. b5 axb5 20. axb5 Na5 21. Qa2 Kh7 22. Rxc7 Rh8 23. Nc3 g4 24. fxg4 hxg4 25. Bxg4 Qg5 26. Qe2 Ng6 27. f4 Qd8 28. Rc8 Qf6 29. Rxh8+ Kxh8 30. f5 Nb3 31. Rd1 Nxd4 32. Qe8+ Kg7 33. fxg6 Nc2 34. Rf1 Qxg6 35. Qe5+ Kg8 36. Bf5 Qh6 37. Bxc2 1-0

[Event "OLNN 2324 Schachfreunde HH - FC St. Paul"]
[Site "?"]
[Date "2024.01.14"]
[Round "4.3"]
[White "Priebe, Jan"]
[Black "Ritscher, Jan-Paul"]
[Result "*"]
[WhiteElo "2243"]
[BlackElo "2240"]
[PlyCount "101"]
[EventDate "2024.??.??"]

1. e4 c6 2. d4 d5 3. Nd2 dxe4 4. Nxe4 Bf5 5. Ng3 Bg6 6. Nf3 h6 7. Ne5 Bh7 8. Bc4 e6 9. Qe2 Qe7 10. O-O Nf6 11. b4 Nbd7 12. a3 Rd8 13. Bb3 Nb6 14. Re1 Nbd5 15. c4 Nb6 16. a4 Nbd7 17. Ba3 Nxe5 18. dxe5 Nd7 19. a5 Qh4 20. Rad1 Be7 21. Qe3 b6 22. Rd4 Qg5 23. f4 Qg6 24. Ba4 Nb8 25. axb6 axb6 26. Ne4 O-O 27. Bc2 Qh5 28. Rxd8 Bxd8 29. Rd1 Qh4 30. b5 c5 31. Bb2 Bc7 32. Bc3 Rd8 33. Ra1 Qe7 34. Ra7 Rd7 35. Ra8 Qd8 36. h3 Qc8 37. Qf3 Qd8 38. Kh2 Qe7 39. Qe3 Kh8 40. Qf3 Rd8 41. Ra7 Rd7 42. Qf1 Bf5 43. Ra8 Rd8 44. Qe2 Kg8 45. Ng3 Bxc2 46. Qxc2 Nd7 47. Ra7 Nf8 48. Ne4 Rd7 49. Ra8 Rd8 50. Ra7 Rd7 51. Ra8 *

[Event "OLNN 2324 Schachfreunde HH - FC St. Paul"]
[Site "?"]
[Date "2024.01.14"]
[Round "4.4"]
[White "Hermesmann, Hans"]
[Black "Breyther, Ruediger"]
[Result "0-1"]
[WhiteElo "2230"]
[BlackElo "2256"]
[PlyCount "80"]
[EventDate "2024.??.??"]

1. d4 Nf6 2. c4 e6 3. Nc3 Bb4 4. e3 O-O 5. Bd3 d5 6. cxd5 exd5 7. Nge2 Re8 8. Bd2 c6 9. O-O Nbd7 10. Rc1 Nf8 11. f3 Ne6 12. Kh1 a6 13. Qe1 Be7 14. Na4 a5 15. Qf2 b5 16. Nac3 Ba6 17. Bb1 b4 18. Na4 Bb5 19. Bc2 Bd6 20. Rfe1 Ra7 21. g4 h5 22. gxh5 Nxh5 23. e4 Bxe2 24. Rxe2 Bf4 25. e5 Qg5 26. Rg1 Qh6 27. Bf5 Rae7 28. Bg4 Bxd2 29. Rxd2 Nhf4 30. Rc2 Nh3 31. Bxh3 Qxh3 32. f4 Qf5 33. Rxc6 Qe4+ 34. Qg2 Nxd4 35. Rd6 Ne2 36. Rf1 g5 37. fxg5 Rxe5 38. Nc5 Qxg2+ 39. Kxg2 Rxg5+ 40. Kf2 Nd4 0-1

[Event "OLNN 2324 Schachfreunde HH - FC St. Paul"]
[Site "?"]
[Date "2024.01.14"]
[Round "4.5"]
[White "Hess, Christian"]
[Black "Bokelbrink, Uwe"]
[Result "0-1"]
[WhiteElo "2210"]
[BlackElo "2223"]
[PlyCount "73"]
[EventDate "2024.??.??"]

1. Nf3 d5 2. e3 Nf6 3. c4 c6 4. Nc3 e6 5. b3 Bd6 6. Bb2 Nbd7 7. Qc2 a6 8. g4 Nxg4 9. Rg1 Nge5 10. Nxe5 Bxe5 11. O-O-O b5 12. Bd3 bxc4 13. bxc4 Rb8 14. f4 Bf6 15. e4 d4 16. Na4 e5 17. Rdf1 Qa5 18. Ba3 c5 19. Kd1 Bb7 20. Bc1 Bc6 21. Nb2 Qxa2 22. Ke2 a5 23. fxe5 Bxe5 24. Rf5 g6 25. Rf3 Bg7 26. Nd1 Qxc2 27. Bxc2 Ne5 28. Ra3 Nxc4 29. Ra2 Ra8 30. d3 Ne5 31. Ba3 Bf8 32. Nf2 Bd6 33. Rb1 Kd7 34. Nh3 f5 35. exf5 gxf5 36. Nf4 Ng4 37. Bb3 0-1

[Event "OLNN 2324 Schachfreunde HH - FC St. Paul"]
[Site "?"]
[Date "2024.01.14"]
[Round "4.6"]
[White "Gremmel, Jonas Simon"]
[Black "Richter, Maik"]
[Result "1-0"]
[WhiteElo "2077"]
[BlackElo "2181"]
[PlyCount "73"]
[EventDate "2024.??.??"]

1. d4 Nf6 2. Nf3 g6 3. c4 Bg7 4. Nc3 O-O 5. e4 d6 6. h3 e5 7. dxe5 dxe5 8. Be3 c6 9. Be2 Qe7 10. Rb1 Na6 11. Qa4 Nh5 12. O-O Nf4 13. Rfe1 Re8 14. Bf1 Nc5 15. Qa3 Nfe6 16. Rbd1 a5 17. b3 f5 18. exf5 gxf5 19. Nd5 cxd5 20. cxd5 Ne4 21. Qxe7 Rxe7 22. dxe6 Bxe6 23. Ng5 Nxg5 24. Bxg5 Rc7 25. Rd6 Bf7 26. Red1 Bf8 27. Rd7 Rac8 28. Bf6 e4 29. Rxc7 Rxc7 30. Rd8 Be6 31. Be5 Rf7 32. Bb5 h6 33. Be8 Rh7 34. Ra8 b6 35. Rb8 Bd5 36. Bg6 Rb7 37. Rd8 1-0

[Event "OLNN 2324 Schachfreunde HH - FC St. Paul"]
[Site "?"]
[Date "2024.01.14"]
[Round "4.7"]
[White "Reuber, Artur"]
[Black "Kull, Florian"]
[Result "0-1"]
[WhiteElo "2122"]
[BlackElo "2100"]
[PlyCount "82"]
[EventDate "2024.??.??"]

1. Nf3 d5 2. b4 Nf6 3. Bb2 Bg4 4. Ne5 Bf5 5. e3 Nbd7 6. d4 e6 7. a3 Nxe5 8. dxe5 Nd7 9. Nd2 c5 10. b5 c4 11. Bc3 Bc5 12. Qb1 Qb6 13. Be2 O-O 14. a4 a6 15. bxa6 Rxa6 16. a5 Qxb1+ 17. Rxb1 b6 18. e4 Bg6 19. axb6 d4 20. Bxc4 Rxb6 21. Rxb6 Nxb6 22. Bb2 Nxc4 23. Nxc4 Bxe4 24. f3 Bxc2 25. Kd2 Bg6 26. Ba3 Bxa3 27. Nxa3 Ra8 28. Ra1 f6 29. f4 fxe5 30. fxe5 Ra4 31. g3 Bf5 32. Kc1 Kf7 33. Kb2 Rb4+ 34. Ka2 d3 35. Rf1 Kg6 36. Nb1 Re4 37. Nc3 Rxe5 38. Rf4 h5 39. Rf2 Bg4 40. Rf4 Rc5 41. Kb3 d2 0-1

[Event "OLNN 2324 Schachfreunde HH - FC St. Paul"]
[Site "?"]
[Date "2024.01.14"]
[Round "4.8"]
[White "Kluenger, Marc"]
[Black "Mitscherling, Andreas"]
[Result "1/2-1/2"]
[WhiteElo "2186"]
[BlackElo "2134"]
[PlyCount "47"]
[EventDate "2024.??.??"]

1. Nf3 d5 2. c4 e6 3. e3 c5 4. b3 Nf6 5. Bb2 Nc6 6. Be2 Be7 7. O-O O-O 8. d3 b6 9. Nbd2 Bb7 10. Ne5 Nxe5 11. Bxe5 Nd7 12. Bb2 Bf6 13. Qc2 Bxb2 14. Qxb2 Qf6 15. Qxf6 Nxf6 16. Nf3 Rfd8 17. Rfd1 Rd6 18. Ne5 Nd7 19. Nxd7 Rxd7 20. cxd5 Bxd5 21. d4 cxd4 22. Rxd4 Kf8 23. Ba6 Bb7 24. Bxb7 1/2-1/2

[Event "OLNN 2324 SK Doppelbauer Turm Kiel III -"]
[Site "?"]
[Date "2024.01.14"]
[Round "4.1"]
[White "Serrer, Christoph"]
[Black "Beeck, Mats"]
[Result "1-0"]
[WhiteElo "2274"]
[BlackElo "2240"]
[PlyCount "113"]
[EventDate "2024.??.??"]

1. d4 Nf6 2. Nf3 d5 3. c4 e6 4. e3 b6 5. b3 Bb7 6. Bd3 Bd6 7. O-O Nbd7 8. cxd5 exd5 9. Ba3 Bxa3 10. Nxa3 O-O 11. Rc1 c6 12. Nb1 a5 13. Nc3 Ba6 14. Bxa6 Rxa6 15. Qd3 Ra7 16. Rc2 Qe7 17. Qf5 Re8 18. Rfc1 Qe6 19. Qxe6 Rxe6 20. Na4 Rc7 21. Nb2 Ne8 22. Nd3 Nb8 23. b4 f6 24. bxa5 bxa5 25. Rb1 Nd7 26. Nc5 Re7 27. Nxd7 Rexd7 28. Rc5 Nd6 29. Rxa5 Ra7 30. Rxa7 Rxa7 31. Rb2 Ne4 32. Rc2 Ra3 33. g4 Kf7 34. Kg2 Ke7 35. Ng1 Nc3 36. Ne2 Nxe2 37. Rxe2 g6 38. Rb2 Ra7 39. Kf3 Ke6 40. h4 h5 41. gxh5 gxh5 42. Rb6 Kd6 43. Rb8 Rxa2 44. Rh8 Ra4 45. Rxh5 c5 46. dxc5+ Kxc5 47. Kg3 Kd6 48. Rh8 Ke7 49. h5 d4 50. h6 dxe3 51. h7 e2 52. Re8+ Kxe8 53. h8=Q+ Ke7 54. Qh7+ Ke6 55. Qh1 f5 56. f3 Ra3 57. Qh6+ 1-0

[Event "OLNN 2324 SK Doppelbauer Turm Kiel III -"]
[Site "?"]
[Date "2024.01.14"]
[Round "4.2"]
[White "Hebbinghaus, Holger"]
[Black "de Voogt, Juergen"]
[Result "1/2-1/2"]
[WhiteElo "2164"]
[BlackElo "2246"]
[PlyCount "181"]
[EventDate "2024.??.??"]

1. d4 g6 2. e4 Bg7 3. Nc3 d6 4. f4 c6 5. Nf3 Nf6 6. Bd3 O-O 7. e5 Nd5 8. Nxd5 cxd5 9. O-O Qb6 10. Qe1 Nc6 11. c3 Bg4 12. Kh1 dxe5 13. dxe5 d4 14. Nxd4 Nxd4 15. Be3 Nc2 16. Bxc2 Qxb2 17. Be4 Rfd8 18. Bd4 Bf5 19. Rf2 Qb5 20. Rb1 Qa5 21. Bxf5 gxf5 22. Rfb2 b6 23. Qe2 Qd5 24. Rb5 Qc6 25. Kg1 e6 26. a4 Rd7 27. a5 bxa5 28. Rc5 Qe4 29. Qxe4 fxe4 30. Rxa5 Bf8 31. Kf2 Rd5 32. Rxa7 Rxa7 33. Bxa7 Rd2+ 34. Kg1 Rc2 35. Bd4 Ba3 36. Re1 Bc1 37. Rxe4 Bd2 38. g3 Bxc3 39. Bxc3 Rxc3 40. Kg2 Rc2+ 41. Kh3 h5 42. Re1 Kh7 43. Rg1 Ra2 44. Rg2 Ra3 45. Kh4 Kh6 46. Rd2 Ra8 47. Rd7 Kg6 48. Re7 Rb8 49. h3 Ra8 50. Rd7 Re8 51. g4 hxg4 52. hxg4 Rh8+ 53. Kg3 Rh1 54. Rd2 Rg1+ 55. Rg2 Ra1 56. Rf2 Rg1+ 57. Kf3 Ra1 58. Rd2 Re1 59. Rh2 Rf1+ 60. Ke3 Rg1 61. g5 Re1+ 62. Kf2 Ra1 63. Rh6+ Kg7 64. Rf6 Ra3 65. Ke2 Rb3 66. g6 fxg6 67. Rxe6 Kf7 68. Rf6+ Kg7 69. Rd6 Kf7 70. Rd3 Rb1 71. Kf3 Rf1+ 72. Ke4 Re1+ 73. Kd5 Ke7 74. Rd4 Ra1 75. Rb4 Rd1+ 76. Ke4 Re1+ 77. Kd4 Rd1+ 78. Ke3 Re1+ 79. Kf2 Ra1 80. Kg3 Rg1+ 81. Kf3 Rf1+ 82. Ke2 Ra1 83. Rb6 Kf7 84. Kf3 Rf1+ 85. Ke4 Re1+ 86. Kd5 Rd1+ 87. Kc6 Rc1+ 88. Kd6 Rd1+ 89. Kc7 Rd4 90. Rf6+ Ke7 91. Rxg6 1/2-1/2

[Event "OLNN 2324 SK Doppelbauer Turm Kiel III -"]
[Site "?"]
[Date "2024.01.14"]
[Round "4.3"]
[White "Kneip, Jakob"]
[Black "Callsen, Niklas"]
[Result "0-1"]
[WhiteElo "2156"]
[BlackElo "2180"]
[PlyCount "60"]
[EventDate "2024.??.??"]

1. e4 c6 2. d4 d5 3. e5 Bf5 4. h4 h6 5. g4 Be4 6. f3 Bh7 7. h5 e6 8. Bd3 Bxd3 9. Qxd3 c5 10. c3 Nc6 11. f4 Rc8 12. dxc5 Bxc5 13. Nf3 d4 14. c4 Nb4 15. Qe4 d3 16. Na3 d2+ 17. Bxd2 Nd3+ 18. Ke2 Nf2 19. Qxb7 Qd3+ 20. Ke1 Ne7 21. Rf1 Nxg4 22. Qb5+ Kf8 23. Qb3 Qe4+ 24. Kd1 Nf2+ 25. Rxf2 Bxf2 26. Bb4 Bc5 27. Nb5 Bxb4 28. Qxb4 Qxf3+ 29. Kc2 a5 30. Qd6 Qe2+ 0-1

[Event "OLNN 2324 SK Doppelbauer Turm Kiel III -"]
[Site "?"]
[Date "2024.01.14"]
[Round "4.4"]
[White "Ghadimi, Mohammed Reza"]
[Black "Rolf, Marco"]
[Result "1/2-1/2"]
[WhiteElo "2126"]
[BlackElo "2032"]
[PlyCount "58"]
[EventDate "2024.??.??"]

1. d4 d5 2. Bf4 Nf6 3. e3 c5 4. dxc5 e6 5. b4 a5 6. c3 Bd7 7. Nd2 axb4 8. cxb4 b6 9. cxb6 Bxb4 10. Bc7 Qc8 11. Qb3 Bxd2+ 12. Kxd2 Ne4+ 13. Ke1 Qb7 14. f3 Nf6 15. Qb4 Nc6 16. Qc5 Ra5 17. Bb5 Rxb5 18. Qxb5 O-O 19. Qc5 e5 20. Ne2 Ra8 21. Kf2 Ra5 22. Qd6 d4 23. exd4 Rd5 24. Qa3 e4 25. Rhd1 exf3 26. gxf3 Ra5 27. Qd6 Rf5 28. Kg1 h5 29. Nf4 Nxd4 1/2-1/2

[Event "OLNN 2324 SK Doppelbauer Turm Kiel III -"]
[Site "?"]
[Date "2024.01.14"]
[Round "4.5"]
[White "Brandt, Carina"]
[Black "Budzyn, Matthias"]
[Result "1-0"]
[WhiteElo "2050"]
[BlackElo "2070"]
[PlyCount "105"]
[EventDate "2024.??.??"]

1. e4 e5 2. Nf3 Nc6 3. Bc4 Nf6 4. d4 exd4 5. e5 d5 6. Bb5 Ne4 7. Nxd4 Bd7 8. Bxc6 bxc6 9. O-O Bc5 10. f3 Ng5 11. f4 Ne4 12. Be3 Bb6 13. a4 a5 14. Nc3 Nxc3 15. bxc3 Qe7 16. Re1 O-O 17. Qf3 c5 18. Nb3 Bf5 19. Qf2 c4 20. Bxb6 cxb6 21. Nd4 Be4 22. Reb1 Qc7 23. Rb5 Rab8 24. Rab1 Kh8 25. Qg3 Rfe8 26. f5 Qd7 27. e6 fxe6 28. fxe6 Qc8 29. Rxb6 Rxb6 30. Rxb6 h6 31. Qd6 Rd8 32. Qe7 Bg6 33. Rb7 Rg8 34. Qc7 Qf8 35. e7 Qf6 36. Rb6 Qg5 37. h4 Qxh4 38. Qe5 Qg4 39. Ne2 Kh7 40. Nf4 Be4 41. Rb8 Rxb8 42. Qxb8 Bg6 43. Qf8 Be8 44. Qxe8 Qxf4 45. Qf8 Qe3+ 46. Kf1 Qc1+ 47. Kf2 Qxc2+ 48. Kg1 Qd1+ 49. Qf1 Qh5 50. Qb1+ Kg8 51. Qb8+ Kh7 52. e8=Q Qd1+ 53. Kh2 1-0

[Event "OLNN 2324 SK Doppelbauer Turm Kiel III -"]
[Site "?"]
[Date "2024.01.14"]
[Round "4.6"]
[White "Boehm, Thomas"]
[Black "Schneider, Alexander"]
[Result "1/2-1/2"]
[WhiteElo "2166"]
[BlackElo "2081"]
[PlyCount "53"]
[EventDate "2024.??.??"]

1. d4 Nf6 2. Nf3 b5 3. g3 Bb7 4. Bg2 e6 5. O-O Be7 6. a4 b4 7. c4 bxc3 8. bxc3 c5 9. Qb3 Qb6 10. Nbd2 Nc6 11. Rb1 cxd4 12. cxd4 Nb4 13. a5 Qxa5 14. Ba3 Bxf3 15. Bxf3 Rb8 16. Nc4 Qa6 17. Ra1 Qc8 18. Rfc1 Qd8 19. Rab1 O-O 20. Qa4 Nc6 21. Bc5 Bxc5 22. dxc5 Qc7 23. Bxc6 Rxb1 24. Rxb1 dxc6 25. Nd6 Nd7 26. Rb7 Nxc5 27. Rxc7 1/2-1/2

[Event "OLNN 2324 SK Doppelbauer Turm Kiel III -"]
[Site "?"]
[Date "2024.01.14"]
[Round "4.7"]
[White "Peters, Thomas"]
[Black "Wanner, Lukas"]
[Result "1/2-1/2"]
[WhiteElo "1901"]
[BlackElo "2113"]
[PlyCount "71"]
[EventDate "2024.??.??"]

1. Nc3 c5 2. Nf3 Nc6 3. d4 cxd4 4. Nxd4 g6 5. g3 Bg7 6. Be3 Nf6 7. h3 d6 8. Bg2 Bd7 9. O-O O-O 10. Qd2 Re8 11. Rfd1 a6 12. a4 Rc8 13. Ra3 Na5 14. Ra2 Nc4 15. Qc1 Qa5 16. Bxb7 Rb8 17. Nb3 Qh5 18. Bf3 Qxh3 19. Rd4 Nxe3 20. Qxe3 Ng4 21. Bxg4 Bxg4 22. Rd1 Bxc3 23. bxc3 Be6 24. Ra3 h5 25. Nd4 Bd5 26. Nf3 h4 27. Qh6 Bxf3 28. exf3 Qf5 29. Kg2 Qxc2 30. Rh1 Rb2 31. Rxh4 Qxf2+ 32. Kh3 Qf1+ 33. Kg4 Qc4+ 34. Kh3 Qf1+ 35. Kg4 Qc4+ 36. Kh3 1/2-1/2

[Event "OLNN 2324 SK Doppelbauer Turm Kiel III -"]
[Site "?"]
[Date "2024.01.14"]
[Round "4.8"]
[White "Luckow, Rolf"]
[Black "Serrer, David"]
[Result "1-0"]
[WhiteElo "2183"]
[BlackElo "1856"]
[PlyCount "97"]
[EventDate "2024.??.??"]

1. b3 d5 2. Bb2 Bf5 3. e3 e6 4. f4 Nf6 5. Nf3 Nbd7 6. Be2 Bc5 7. O-O O-O 8. Kh1 a5 9. a4 c6 10. Ne5 Nxe5 11. fxe5 Nd7 12. d4 Be7 13. Bd3 Bxd3 14. cxd3 f5 15. Nd2 Bg5 16. Qe2 Qb6 17. Ba3 Rf7 18. g4 f4 19. h4 Be7 20. Bxe7 Rxe7 21. Rxf4 Rf8 22. Raf1 Ref7 23. Rxf7 Rxf7 24. Rxf7 Kxf7 25. Kg2 Nf8 26. Qf2+ Ke8 27. Kf3 Qc7 28. Ke2 Qf7 29. Qxf7+ Kxf7 30. Nf3 Ke7 31. Kd2 Kd7 32. Kc3 Ke7 33. e4 Kd7 34. h5 Kc7 35. g5 g6 36. h6 b6 37. Nh2 Kb7 38. Ng4 Kc7 39. Nf6 Kd8 40. b4 Kc7 41. b5 Kb7 42. Kb3 Kc7 43. bxc6 Kxc6 44. Kc3 dxe4 45. dxe4 b5 46. d5+ exd5 47. exd5+ Kc5 48. axb5 Kxb5 49. e6 1-0

[Event "OLNN 2324 TV Fischbek - SF Schwerin"]
[Site "?"]
[Date "2024.02.04"]
[Round "5.1"]
[White "De Jong, Migchiel"]
[Black "Serrer, Christoph"]
[Result "1/2-1/2"]
[WhiteElo "2291"]
[BlackElo "2283"]
[PlyCount "48"]
[EventDate "2024.??.??"]

1. e4 e5 2. Nf3 Nc6 3. Bb5 a6 4. Ba4 Nf6 5. O-O Be7 6. d3 b5 7. Bb3 d6 8. a3 O-O 9. Nc3 Nb8 10. Ne2 Nbd7 11. Ng3 Nc5 12. Ba2 Be6 13. Re1 Bxa2 14. Rxa2 Ne6 15. c3 c5 16. h3 Re8 17. Be3 Bf8 18. Ra1 Qc7 19. d4 exd4 20. cxd4 cxd4 21. Nxd4 Nc5 22. Rc1 Qb7 23. f3 d5 24. Ndf5 Ncd7 1/2-1/2

[Event "OLNN 2324 TV Fischbek - SF Schwerin"]
[Site "?"]
[Date "2024.02.04"]
[Round "5.2"]
[White "de Voogt, Juergen"]
[Black "Hilwerda, Jonas"]
[Result "1-0"]
[WhiteElo "2244"]
[BlackElo "2244"]
[PlyCount "73"]
[EventDate "2024.??.??"]

1. e4 c5 2. Nc3 Nc6 3. g3 g6 4. Bg2 Bg7 5. d3 d6 6. Nge2 e5 7. O-O Nge7 8. Be3 O-O 9. Qd2 Nd4 10. f4 Rb8 11. h3 b5 12. Rae1 Be6 13. Nc1 b4 14. Nd1 Qd7 15. Kh2 Qa4 16. Rf2 f5 17. fxe5 Bxe5 18. c3 bxc3 19. bxc3 Ndc6 20. Bf4 Rbe8 21. exf5 Nxf5 22. Nb3 Qb5 23. c4 Qb6 24. Bxc6 Bxf4 25. Rxf4 Qxc6 26. Nc3 d5 27. Qg2 Rd8 28. Re5 Qd6 29. Qe2 Nxg3 30. Kxg3 Rxf4 31. Rxe6 Qf8 32. Nxd5 Rf1 33. Kg2 Rf7 34. Ne7+ Kg7 35. Nxc5 Re8 36. Qe5+ Kh6 37. Ng8+ 1-0